书目信息 |
| 题名: |
质量管理中的数理统计方法
|
|
| 作者: | 章渭基 编 | |
| 分册: | ||
| 出版信息: | 南京 江苏人民出版社 1982 |
|
| 页数: | 294页 | |
| 开本: | 19cm | |
| 丛书名: | ||
| 单 册: | ||
| 中图分类: | F406.3 | |
| 科图分类: | ||
| 主题词: | 质量管理:工业企业管理-数理统计 , 数理统计-质量管理:工业企业管理 , 工业企业管理:质量管理-数理统计 | |
| 电子资源: | ||
| ISBN: | ||
| 000 | 00738nam0 2200253 45 | |
| 001 | 0182003517 | |
| 005 | 20060810085931.79 | |
| 010 | @dCNY0.78 | |
| 091 | @aCN@b15169.083 | |
| 100 | @a19950627d1982 em y0chiy0121 ea | |
| 101 | 0 | @achi |
| 102 | @aCN@b320000 | |
| 105 | @ay z 000yy | |
| 200 | 10 | @a质量管理中的数理统计方法@Azhi liang guan li zhong de shu li tong ji fang fa@f章渭基编 |
| 210 | @a南京@c江苏人民出版社@d1982 | |
| 215 | @a294页@d19cm | |
| 606 | @a质量管理:工业企业管理-数理统计 | |
| 606 | @a数理统计-质量管理:工业企业管理 | |
| 606 | @a工业企业管理:质量管理-数理统计 | |
| 690 | @aF406.3@v3 | |
| 701 | 0 | @a章渭基@Azhang wei ji@4编 |
| 801 | 2 | @aCN@bNLC@c20060810 |
| 801 | 0 | @aCN@bTSSF |
| 905 | @a10447@dF406.3@e162 | |
| 质量管理中的数理统计方法/章渭基编.-南京:江苏人民出版社,1982 |
| 294页;19cm |
| ISBN :CNY0.78 |
| ● |
| 相关链接 |
|
|
|
|
正题名:质量管理中的数理统计方法
索取号:F406.3/162
 
预约/预借
| 序号 | 登录号 | 条形码 | 馆藏地/架位号 | 状态 | 备注 |
| 1 | 0448262 | 204482620 | 密集书库/ [索取号:F406.3/162] | 在馆 | |
| 2 | 0448263 | 204482639 | 密集书库/ [索取号:F406.3/162] | 在馆 |